000 00240nam a22000857a 4500
008 170526b xxu||||| |||| 00| 0 eng d
100 _93129
_aThe World Book Encyclopedia
245 _aThe World Book
260 _aLondon
_bWorld Book Corporation
_c1993
999 _c6418
_d6418